| 000 | 00919nam a2200313Ia 4500 | ||
|---|---|---|---|
| 003 | OSt | ||
| 005 | 20221006160559.0 | ||
| 006 | a|||||r|||| 00| 0 | ||
| 007 | ta | ||
| 008 | 221006b |||||||| |||| 00| 0 eng d | ||
| 020 | _a0861879287 | ||
| 020 | _a9780861879281 | ||
| 024 | _a45,545 | ||
| 037 | _cTextual | ||
| 040 |
_aEASL _cEASL _beng |
||
| 041 |
_2eng _aeng |
||
| 082 | _aX0gF.42.N8, M7 | ||
| 100 | _aFreeman Christopher | ||
| 245 | 0 |
_aTechnology policy and economic performance _b Lessons from Japan |
|
| 260 |
_aLondon _bPinter Publishers _c1987 |
||
| 300 |
_a160p. _ccm. |
||
| 490 | _v JEL | ||
| 650 | _a Japan - Economic conditions | ||
| 650 | _a JEL | ||
| 650 |
_a Technology and state - Japan _9649013 |
||
| 650 |
_aTechnological innovations - Economic aspects - Japan _9674245 |
||
| 942 |
_hX0gF.42.N8, M7 _cTEXL _2CC |
||
| 999 |
_c1113637 _d1113637 |
||